Migración a plataforma Web del Sistema de Registro y Acreditación de la Empresa CONGREXPO
Expone el proceso de migración del sistema de registro y acreditación de CONGREXPO de un escritorio a web, que al ser migrado mantenga la funcionalidad del original, sin dejar afuera la posibilidad de incluir nuevas características o mejoras al sistema.
| Main Authors: | , |
|---|---|
| Other Authors: | |
| Format: | Tesis Section = Libro |
| Language: | Undetermined Spanish |
| Published: |
Managua
UNI
2015
|
| Subjects: |
| LEADER | 01228nam a2200301Ia 4500 | ||
|---|---|---|---|
| 008 | 240830s9999 xx 000 0 und d | ||
| 040 | |a BIBLIOTECA-RUSB/ Mon 005.71 T315 | ||
| 041 | |a spa | ||
| 082 | |a Mon 005.71 T315 | ||
| 100 | 1 | |a Tercero Hernández, Grethel Arely | |
| 100 | 1 | |b Rayo Ráudez, Maycol José | |
| 245 | 1 | 0 | |a Migración a plataforma Web del Sistema de Registro y Acreditación de la Empresa CONGREXPO |
| 260 | |a Managua |b UNI |c 2015 | ||
| 300 | |a 193 p. :il. | ||
| 500 | |a Contiene: anexos e Incluye: CD. | ||
| 502 | |a Tesis (Ingeniero en Computación) - UNI, 2015. | ||
| 520 | 3 | |a Expone el proceso de migración del sistema de registro y acreditación de CONGREXPO de un escritorio a web, que al ser migrado mantenga la funcionalidad del original, sin dejar afuera la posibilidad de incluir nuevas características o mejoras al sistema. | |
| 650 | 7 | |a DESARROLLO DE SITIO WEB | |
| 650 | 7 | |b SERVICIOS DE INFORMACION EN LINEA | |
| 650 | 7 | |c BASE DE DATOS | |
| 650 | 7 | |d INTERNET | |
| 650 | 7 | |e PROCESAMIENTO DE DATOS | |
| 650 | 7 | |f INTERFACES- USUARIO | |
| 650 | 7 | |g DESARROLLO DE SOFTWARE. | |
| 700 | 1 | |a Tutor: |b Valle Izaguirre, Flor de María | |
| 942 | |c BK |2 ddc | ||
| 991 | |a TESIS | ||
| 999 | |c 19746 | ||